000
00313nam a2200133Ia 4500
005
20251222153646.0
008
251222s9999||||xx |||||||||||||| ||spa||
020
_a
830821023
082
_a
220.520.8/I61
245
4
_a
The Niv Quiet Time Bible
250
_a
1ra.ed.
264
_b
InterVarsity Press
942
_c
LIB
999
_c
32946
_d
32946